000
00245nam a22001217a 4500
008
170613b xxu||||| |||| 00| 0 eng d
041
_a
eng
080
_a
94
100
_a
17
101
_a
SHH
245
_a
CITIZENS
_c
SCHAMA,S
942
_2
udc
_c
BK
999
_c
17216
_d
17216